| 000 | 00589nam a2200229Ia 4500 | ||
|---|---|---|---|
| 005 | 20241129104113.0 | ||
| 008 | 241129s9999||||xx |||||||||||||| ||und|| | ||
| 020 | _a9789001575625 | ||
| 037 | _aTextual | ||
| 040 |
_aRTL _beng _cRTL |
||
| 041 |
_aeng _2eng |
||
| 084 |
_aX:86 R2 _qRTL |
||
| 100 | _aGrit Roel | ||
| 245 | 0 |
_aProject management: A practical approach _cGrit Roel |
|
| 250 | _a5th | ||
| 260 |
_aNetherlands _bNoordhoff _c2022 |
||
| 300 | _a225p. | ||
| 365 |
_aINR _b4102.57 |
||
| 650 | _aCommerce | ||
| 942 |
_cTB _hX:86 R2 |
||
| 999 |
_c1224437 _d1224437 |
||